| 000 | 00443cam a2200181 4500 | ||
|---|---|---|---|
| 001 | D6353 | ||
| 008 | 090401t1979 xxu||||| |||| 00| 0 eng d | ||
| 035 | _a(Sirsi) u365 | ||
| 041 | _aeng | ||
| 050 | _a526.9028 | ||
| 100 | _aKiely, Edmond R | ||
| 245 | _aSurveying instruments: their history | ||
| 260 |
_aColumbus, Ohio _bCarben Surveying Reprints _c1979 |
||
| 300 | _a273p. 23cm | ||
| 350 | _a11.45 | ||
| 942 | _n0 | ||
| 948 | _c04/03/1997 | ||
| 999 |
_c85541 _d85541 |
||